F1 2010 GRID - Statistics

General Stats
  • This quiz has been taken 81 times
  • The average score is 16 of 27
Answer Stats
Team Answer % Correct
Ferrari Fernando Alonso
98%
McLaren Mercedes Lewis Hamilton
98%
McLaren Mercedes Jenson Button
97%
RBR Renault Sebastian Vettel
95%
Ferrari Felipe Massa
93%
RBR Renault Mark Webber
92%
Mercedes Michael Schumacher
92%
Mercedes Nico Rosberg
89%
Williams Cosworth Nico Hulkenberg
69%
Williams Cosworth Rubens Barrichello
69%
Renault Vitaly Petrov
69%
Renault Robert Kubica`
62%
Sauber Ferrari Kamui Kobayashi
56%
Force India Mercedes Adrian Sutil
52%
Lotus Cosworth Jarno Trulli
48%
STR Ferrari Sebastien Buemi
48%
Virgin Cosworth Timo Glock
46%
Lotus Cosworth Heikki Kovalainen
43%
HRT Cosworth Bruno Senna
39%
Force India Mercedes Vitantonio Liuzzi
38%
STR Ferrari Jaime Alguersuari
36%
HRT Cosworth Karun Chandhok
36%
Sauber Ferrari Pedro de la Rosa
36%
Sauber Ferrari Nick Heidfeld
34%
Virgin Cosworth Lucas di Grassi
33%
HRT Cosworth Christian Klien
23%
HRT Cosworth Sakon Yamamoto
21%
No matching quizzes found
Score Distribution
Percent of People with Each Score
Percentile by Number Answered
Your Score History
You have not taken this quiz